00593nam a2200181 450000500170000000700040001700800040002104000090002505000200003410000190005424500720007326000680014530000230021344000780023650000400031465000370035470000200039120150708102242.0000000 aUOEL aSD409b.N7 1984 aNshubemuki, L. aAfforestation Research (Tanzania) /cL.Nshubemuki and J.E.N.Maphole aCanada :bInternational Development Research Institute,cc1984. a72 p, ;bill., map aInternational Development Research Centre, Manuscript ReportsnIDRC-MR99e aIncludes bibliographical references aAfforestation ResearchzTanzania aMaphole, J.E.N.